000 00282nam a2200121Ia 4500
008 190216s9999||||xx |||||||||||||| ||und||
100 _aMenon K N
245 0 _aNammude Valarthu Matsyangal
260 _bKerala Basha Inst
_c1973
300 _a157p
650 _aZoology
942 _cBK
999 _c37584
_d37584